スポーツブランドのロゴクイズ - Statistics

General Stats
  • This quiz has been taken 413 times
  • The average score is 10 of 15
Answer Stats
Picture Answer % Correct
ナイキ / Nike
98%
プーマ / Puma
94%
アディダス / Adidas
93%
アシックス / ASICS
87%
ミズノ / Mizuno
86%
ニューバランス / New Balance
81%
チャンピオン / Champion
70%
アンダーアーマー / Under Armour
69%
ブリヂストン / BRIDGESTONE
63%
ヨネックス / YONEX
62%
フィラ / FILA
60%
ザ・ノース・フェイス / THE NORTH FACE
55%
アンブロ / UMBRO
39%
デサント / Descente
36%
コンバース / CONVERSE
34%
No matching quizzes found
Score Distribution
Percent of People with Each Score
Percentile by Number Answered
Your Score History
You have not taken this quiz